000 00294nam a22001337a 4500
008 170810b xxu||||| |||| 00| 0 eng d
020 _a9781562058104
041 _aeng
080 _a004
100 _a35
101 _aSHKI
245 _aDESIGNING WEB USABILITY
_cNIELSON, J
942 _2udc
_cBK
999 _c23184
_d23184